| 000 | 00468nam a22001937a 4500 | ||
|---|---|---|---|
| 003 | CEME | ||
| 005 | 20210628202520.0 | ||
| 008 | 210122b xxu||||| |||| 00| 0 eng d | ||
| 020 | _a0-7506-6575-0 | ||
| 040 | _c. | ||
| 082 | _a510.2462 BIR | ||
| 100 |
_aBird, John _960264 |
||
| 245 | _aBasic enigneering mathematics | ||
| 250 | _a4TH | ||
| 260 |
_aNEW YORK _bNEWNESS _c2005 |
||
| 300 | _aX,287 P | ||
| 650 |
_aENIGNEERING MATHEMATICS _960265 |
||
| 942 |
_cBK _2ddc |
||
| 999 |
_c570040 _d570040 |
||